000 00548nam a2200217Ia 4500
003 OSt
005 20220924132957.0
006 a|||||r|||| 00| 0
007 ta
008 220923b |||||||| |||| 00| 0 ben d
024 _a254844
037 _cTextual
040 _aARTS
_cARTS
_bben
041 _2ben
_aben
082 _aO157,3N36,7, P5
100 _aMukhopadhyay Shrishendu
_9205429
245 0 _aDurveen
260 _c2005
942 _hO157,3N36,7, P5
_cTEXL
_2CC
999 _c432227
_d432227